000 00719nam a2200253Ia 4500
003 OSt
005 20220925221735.0
006 a|||||r|||| 00| 0
007 ta
008 220923b |||||||| |||| 00| 0 eng d
037 _cGeneral Book
040 _aRTL
_cRTL
_beng
041 _2eng
_aeng
082 _aXM5:8, L4
100 _aArgenti John
_9277009
245 0 _aSystematic corporate planning
260 _aLondon
_bNelson
_c1974
300 _a316p
_ccm.
490 _aSchool of Business and Organizational Studies Ed by John Perrin
500 _aBibliography: p 310-311
650 _aJoint Stock Company
942 _hXM5:8, L4
_cGB
_2CC
999 _c575225
_d575225